[Event "CZE-ch U16 Girls"]
[Site "Kouty nad Desnou"]
[Date "2010.03.12"]
[Round "8"]
[White "Kuchynkova, Lucie"]
[Black "Bartosova, Veronika"]
[Result "1-0"]
[WhiteElo "1513"]
[BlackElo "1303"]
[PlyCount "57"]
[EventDate "2010.03.06"]
[EventType "swiss"]
[EventRounds "9"]
[EventCountry "CZE"]
[SourceTitle "EXT 2012"]
[Source "ChessBase"]
[SourceDate "2011.11.24"]
[SourceVersion "1"]
[SourceVersionDate "2011.11.24"]
[SourceQuality "1"]

1. d4 Nf6 2. Nf3 Nc6 3. c4 e5 4. Nxe5 Nxe5 5. dxe5 Ng4 6. Bf4 Bb4+ 7. Nd2 Qe7 8. e3 Nxe5 9. Bxe5 Qxe5 10. Bd3 0-0 11. 0-0 Bd6 12. Nf3 Qh5 13. h3 b6 14. Be4 Rb8 15. Qa4 Re8 16. Qxa7 c6 17. Rfd1 Rb7 18. Qa4 Bb8 19. Qc2 b5 20. c5 b4 21. b3 Rb5 22. Bf5 Rd8 23. Nd4 Rb7 24. Nxc6 Rf8 25. Nxb8 Rxb8 26. Bxd7 Ba6 27. Qf5 Qh6 28. Rd6 Qh4 29. Rxa6 1-0

[Event "CZE-ch U14 Girls"]
[Site "Kouty nad Desnou"]
[Date "2009.03.13"]
[Round "8"]
[White "Bartosova, Veronika"]
[Black "Luzikova, Nicola"]
[Result "0-1"]
[WhiteElo "1323"]
[BlackElo "1260"]
[PlyCount "36"]
[EventDate "2009.03.07"]
[EventType "swiss"]
[EventRounds "9"]
[EventCountry "CZE"]
[SourceTitle "EXT 2011"]
[Source "ChessBase"]
[SourceDate "2010.11.26"]
[SourceVersion "1"]
[SourceVersionDate "2010.11.26"]
[SourceQuality "1"]

1. e4 d5 2. e5 Bf5 3. d4 e6 4. Nf3 c5 5. Bb5+ Nc6 6. Bxc6+ bxc6 7. 0-0 Qb6 8. Nc3 cxd4 9. Nxd4 Bg6 10. Be3 c5 11. Nb3 d4 12. Na4 Qc6 13. Bf4 Qxa4 14. Qf3 Rc8 15. Qb7 Qd7 16. Qf3 Bxc2 17. Na5 c4 18. Rfc1 d3 0-1